100 Rock Songs by the Artist - Statistics

General Stats
  • This quiz has been taken 63 times
  • The average score is 28 of 100
Answer Stats
No. Artist Answer % Correct
21 TOTO Africa
78%
7 Queen Bohemian Rhapsody
76%
72 Nirvana Smells Like Teen Spirit
75%
2 Bon Jovi Livin' On A Prayer
71%
3 Guns N' Roses Sweet Child O' Mine
71%
34 Eagles Hotel California
66%
11 Imagine Dragons Thunder
64%
95 Metallica Enter Sandman
63%
6 Linkin Park In the End
59%
15 The Killers Mr. Brightside
59%
44 AC/DC Back In Black
58%
82 Ozzy Osbourne Crazy Train
58%
37 The White Stripes Seven Nation Army
58%
93 Radiohead Creep
56%
12 Soundgarden Black Hole Sun
51%
65 Journey Don't Stop Believin'
51%
86 Van Halen Jump
51%
18 Rage Against The Machine Killing In The Name
51%
74 Red Hot Chili Peppers Under the Bridge
51%
10 Def Leppard Pour Some Sugar On Me
49%
60 Europe The Final Countdown
49%
5 System Of A Down Chop Suey!
47%
71 Aerosmith Dream On
46%
35 Elton John Rocket Man
44%
39 Twenty One Pilots Stressed Out
44%
57 Limp Bizkit Break Stuff
41%
4 Motley Crue Kickstart My Heart
41%
73 Arctic Monkeys Do I Wanna Know?
39%
48 Creedence Clearwater Revival Fortunate Son
39%
50 The Beatles Here Comes The Sun
39%
26 Disturbed Down with the Sickness
37%
1 Sublime Santeria
37%
47 The Clash Should I Stay or Should I Go
37%
42 Fleetwood Mac Dreams
36%
27 Whitesnake Here I Go Again
36%
56 Boston More Than a Feeling
36%
24 Twisted Sister We're Not Gonna Take It
36%
63 Billy Joel Uptown Girl
34%
38 Pantera Walk
32%
23 Drowning Pool Bodies
29%
31 Korn Freak On a Leash
29%
16 Avenged Sevenfold Hail to the King
29%
58 Rob Zombie Dragula
27%
22 Slipknot Duality
27%
19 Skillet Monster
27%
97 Thin Lizzy The Boys Are Back In Town
27%
17 Breaking Benjamin The Diary of Jane
27%
41 Quiet Riot Cum on Feel the Noize
25%
66 Led Zeppelin Immigrant Song
25%
46 Audioslave Like a Stone
25%
83 Marilyn Manson The Beautiful People
25%
80 KISS Detroit Rock City
24%
33 Alice in Chains Man in the Box
24%
98 Pink Floyd Comfortably Numb
22%
59 Steve Miller Band The Joker
22%
62 Skid Row 18 and Life
20%
67 Warrant Cherry Pie
20%
28 Poison Every Rose Has Its Thorn
20%
52 The Darkness I Believe in a Thing Called Love
20%
51 Queens of the Stone Age No One Knows
20%
77 Deftones Change
19%
9 Kid Rock All Summer Long
17%
8 Trapt Headstrong
17%
30 Godsmack I Stand Alone
17%
64 Rammstein Deutschland
15%
36 Staind It's Been Awhile
15%
91 Tool Schism
15%
99 3 Doors Down When I'm Gone
15%
90 George Harrison My Sweet Lord
14%
29 Chevelle The Red
14%
94 The Who Baba O'Riley
12%
69 Saliva Click Click Boom
12%
85 Ratt Round and Round
10%
43 Shinedown Second Chance
10%
53 P.O.D Youth of the Nation
10%
14 Seether Fake It
8%
87 Halestorm I Miss the Misery
8%
40 Finger Eleven Paralyzer
8%
78 Dio Rainbow in the Dark
8%
70 Stone Sour Through Glass
8%
45 Crossfade Cold
7%
25 Buckcherry Crazy Bitch
7%
75 Blue Oyster Cult The Reaper
7%
20 Five Finger Death Punch Bad Company
5%
89 Alter Bridge Blackbird
5%
96 Don Broco Everybody
5%
13 Theory of a Deadman Rx (Medicate)
5%
79 Thousand Foot Krutch Courtesy Call
3%
92 Ghost Lachryma
3%
32 Saving Abel Addicted
2%
81 Volbeat A Warrior's Call
2%
76 Smile Empty Soul Bottom of a Bottle
2%
88 Mammoth Epiphany
2%
55 The Black Keys Howlin' for You
2%
54 The Interrupters She's Kerosene
2%
100 Clutch The Mob Goes Wild
2%
49 10 Years Wasteland
2%
84 Kings of Leon Sex on Fireq
0%
68 Ted Nugent Stranglehold
0%
61 Franz Ferdinand Take Me Outq
0%
No matching quizzes found
Score Distribution
Percent of People with Each Score
Percentile by Number Answered
Your Score History
You have not taken this quiz